Sharks That Have Attacked People - Statistics

General Stats
  • This quiz has been taken 16 times
  • The average score is 14 of 32
Answer Stats
Shark Type % Correct
Great White Shark
100%
Tiger Shark
100%
Bull Shark
87%
Great Hammerhead
87%
Lemon Shark
87%
Scalloped Hammerhead
87%
Smooth Hammerhead
87%
Greenland Shark
73%
Longfin Mako Shark
73%
Shortfin Mako Shark
73%
Thresher Shark
73%
Oceanic Whitetip Shark
67%
Blue Shark
60%
Basking Shark
53%
Blacktip Shark
53%
Nurse Shark
53%
Caribbean Reef Shark
47%
Megamouth Shark
20%
Sevengill Shark
20%
Sixgill Shark
20%
Angel Shark
13%
Sand Tiger Shark
13%
Spinner Shark
13%
Spiny Dogfish
13%
Wobbegong Shark
13%
Galapagos Shark
7%
Blacknose Shark
0%
Bonnethead Shark
0%
Bronze Whaler/Copper Shark
0%
Dusky Shark
0%
Pigeye Shark
0%
Silky Shark Shark
0%
No matching quizzes found
Score Distribution
Percent of People with Each Score
Percentile by Number Answered
Your Score History
You have not taken this quiz